[Event "EU-ch Seniors 65 22nd"]
[Site "Acqui Terme"]
[Date "2023.05.30"]
[Round "5"]
[White "Patola, Eero"]
[Black "Stokes, Michael"]
[Result "1-0"]
[WhiteElo "1783"]
[BlackElo "1973"]
[PlyCount "95"]
[EventDate "2023.05.26"]
[EventType "swiss"]
[EventRounds "9"]
[EventCountry "ITA"]
[SourceTitle "CBM 214 Extra"]
[Source "ChessBase"]
[SourceDate "2023.07.31"]
[SourceVersion "1"]
[SourceVersionDate "2023.07.31"]
[SourceQuality "1"]

1. e4 e5 2. c4 Nc6 3. Nc3 Bc5 4. g3 d6 5. Bg2 Be6 6. d3 Nge7 7. Nge2 Qd7 8. h3 h5 9. Nd5 Nd4 10. Nxd4 Bxd4 11. Rb1 Ng6 12. Be3 c6 13. Bxd4 exd4 14. Nf4 Nxf4 15. gxf4 f5 16. Bf3 0-0-0 17. h4 Kb8 18. b4 fxe4 19. Bxe4 d5 20. cxd5 Bxd5 21. a4 Rde8 22. f3 Qf5 23. Qd2 Rhf8 24. Kf2 Bxe4 25. dxe4 Qxf4 26. Qxf4+ Rxf4 27. Kg3 Rf6 28. Rhd1 Rd6 29. Rd3 b6 30. Rc1 Kc7 31. Rc4 Red8 32. f4 a6 33. f5 b5 34. axb5 axb5 35. Rc5 g6 36. e5 Rd5 37. Rxd5 Rxd5 38. fxg6 Rxe5 39. Kf4 Re8 40. Rxd4 c5 41. bxc5 Kc6 42. Kf5 Kxc5 43. Rd1 b4 44. g7 b3 45. Kf6 b2 46. Kf7 Rb8 47. g8Q b1Q 48. Qg1+ 1-0

[Event "ENG-ch Seniors 65"]
[Site "Leamington Spa"]
[Date "2023.05.05"]
[Round "2"]
[White "Stokes, Michael"]
[Black "Clark, Robert G"]
[Result "0-1"]
[WhiteElo "1973"]
[BlackElo "2080"]
[PlyCount "84"]
[EventDate "2023.05.04"]
[EventType "swiss"]
[EventRounds "7"]
[EventCountry "ENG"]
[SourceTitle "CBM 214 Extra"]
[Source "ChessBase"]
[SourceDate "2023.07.31"]
[SourceVersion "1"]
[SourceVersionDate "2023.07.31"]
[SourceQuality "1"]

1. e4 e6 2. d4 d5 3. Nc3 Bb4 4. exd5 exd5 5. Bd3 Ne7 6. Nge2 Nbc6 7. 0-0 Bf5 8. Be3 0-0 9. a3 Bxc3 10. Nxc3 Qd7 11. b3 Bxd3 12. Qxd3 Nf5 13. Na4 b6 14. Nb2 Rad8 15. Qc3 Rfe8 16. Rae1 Re4 17. Rd1 Rde8 18. Rd3 Qe6 19. Nd1 Qf6 20. f3 R4e6 21. Qd2 Qe7 22. Bg5 f6 23. Bf4 Qxa3 24. c4 Ncxd4 25. b4 Qa4 26. Rxd4 Nxd4 27. Qxd4 Qxb4 28. Qxd5 c6 29. Qd3 b5 30. Ne3 Qc5 31. Kf2 g5 32. Qf5 Qxf5 33. Nxf5 gxf4 34. cxb5 Re2+ 35. Kg1 cxb5 36. Nd6 Rb8 37. Ne4 b4 38. Nxf6+ Kf7 39. Nd5 b3 40. Nxf4 Rd2 41. Rb1 b2 42. Kf1 Rbd8 0-1

[Event "EU-ch Seniors 65 21st"]
[Site "Lublin"]
[Date "2022.07.07"]
[Round "3"]
[White "Stokes, Michael"]
[Black "Malesevic, Nedeljko"]
[Result "0-1"]
[WhiteElo "2024"]
[BlackElo "2228"]
[PlyCount "60"]
[EventDate "2022.07.05"]
[EventType "swiss"]
[EventRounds "9"]
[EventCountry "POL"]
[SourceTitle "CBM 209 Extra"]
[Source "ChessBase"]
[SourceDate "2022.09.30"]
[SourceVersion "1"]
[SourceVersionDate "2022.09.30"]
[SourceQuality "1"]

1. e4 c6 2. Nc3 d5 3. Nf3 Bg4 4. Be2 e6 5. d4 Nf6 6. e5 Nfd7 7. h3 Bxf3 8. Bxf3 c5 9. Be3 cxd4 10. Bxd4 Nc6 11. 0-0 Nxd4 12. Qxd4 Bc5 13. Qf4 0-0 14. Bg4 Qc7 15. Rfe1 a6 16. Rac1 f5 17. Bf3 Nf6 18. Nd1 b5 19. c3 Ne4 20. h4 Rad8 21. g4 fxg4 22. Qxg4 Rxf3 23. Qxf3 Rf8 24. Qh5 Nxf2 25. Nxf2 Bxf2+ 26. Kg2 Bxe1 27. Rxe1 Qc4 28. Qg5 h6 29. Qg6 Qxh4 30. Re2 Kh8 0-1

[Event "EU-ch Amateur U2300"]
[Site "Niksic"]
[Date "2018.06.19"]
[Round "7"]
[White "Hadzi Manev, Ljubomir"]
[Black "Stokes, Michael"]
[Result "0-1"]
[WhiteElo "2049"]
[BlackElo "2113"]
[PlyCount "50"]
[EventDate "2018.06.14"]
[EventType "swiss"]
[EventRounds "9"]
[EventCountry "MNE"]
[SourceTitle "CBM 185 Extra"]
[Source "ChessBase"]
[SourceDate "2018.07.29"]
[SourceVersion "1"]
[SourceVersionDate "2018.07.29"]
[SourceQuality "1"]

1. d4 Nf6 2. Nf3 g6 3. Bg5 Bg7 4. Nbd2 d5 5. e3 Nc6 6. h3 0-0 7. c4 h6 8. Bf4 Re8 9. Bh2 Bf5 10. Rc1 Ne4 11. cxd5 Qxd5 12. Bc4 Qd7 13. Bb5 Rad8 14. Nc4 Bxh3 15. Bxc6 bxc6 16. gxh3 Qxh3 17. Ke2 Qf5 18. Qc2 e5 19. dxe5 Rd5 20. Bg3 Red8 21. Qb1 Qg4 22. Rh4 Rd2+ 23. Ncxd2 Rxd2+ 24. Ke1 Qxf3 25. Rh2 Qe2# 0-1

[Event "EU-ch Amateur U2300"]
[Site "Niksic"]
[Date "2018.06.14"]
[Round "1"]
[White "Delevic, Nina"]
[Black "Stokes, Michael"]
[Result "0-1"]
[WhiteElo "1797"]
[BlackElo "2113"]
[PlyCount "75"]
[EventDate "2018.06.14"]
[EventType "swiss"]
[EventRounds "9"]
[EventCountry "MNE"]
[SourceTitle "CBM 185 Extra"]
[Source "ChessBase"]
[SourceDate "2018.07.29"]
[SourceVersion "1"]
[SourceVersionDate "2018.07.29"]
[SourceQuality "1"]

1. Nf3 Nf6 2. g3 g6 3. Bg2 Bg7 4. d4 d6 5. 0-0 0-0 6. Nc3 Nbd7 7. a4 c6 8. a5 Qc7 9. e4 e5 10. Re1 exd4 11. Nxd4 Ne5 12. h3 Re8 13. f4 Nc4 14. a6 bxa6 15. b3 Na5 16. e5 dxe5 17. fxe5 Rxe5 18. Rxe5 Qxe5 19. b4 Nh5 20. Nce2 Nc4 21. Nxc6 Qe8 22. c3 Bb7 23. Ned4 Ne3 24. Qe2 Bxd4 25. cxd4 Nxg2 26. Ne7+ Kh8 27. d5 f6 28. Kxg2 Bxd5+ 29. Kh2 Rc8 30. Bh6 Rc4 31. Re1 Re4 32. Qd2 Qb8 33. Rg1 Bc4 34. Rg2 Rxe7 35. Qc3 Bd5 36. Rd2 Qe5 37. Qd3 Qe1 38. Qxd5 0-1

[Event "WchT Seniors 65"]
[Site "Radebeul"]
[Date "2016.07.04"]
[Round "9.4"]
[White "Hammar, Bengt Erik"]
[Black "Stokes, Michael"]
[Result "1-0"]
[WhiteElo "2164"]
[BlackElo "2187"]
[PlyCount "85"]
[EventDate "2016.06.26"]
[EventType "team-swiss"]
[EventRounds "9"]
[EventCountry "GER"]
[SourceTitle "CBM 173 Extra"]
[Source "ChessBase"]
[SourceDate "2016.08.29"]
[SourceVersion "1"]
[SourceVersionDate "2016.08.29"]
[SourceQuality "1"]
[WhiteTeam "Sweden"]
[BlackTeam "England"]
[WhiteTeamCountry "SWE"]
[BlackTeamCountry "ENG"]

1. e4 e5 2. Nf3 Nc6 3. Bb5 a6 4. Ba4 Nf6 5. 0-0 b5 6. Bb3 Be7 7. Re1 0-0 8. h3 Bb7 9. d3 d5 10. c3 dxe4 11. dxe4 Qxd1 12. Bxd1 Rad8 13. Bc2 Nd7 14. Nbd2 Bc5 15. b4 Be7 16. a4 h6 17. axb5 axb5 18. Nb3 Ba8 19. Be3 Nb6 20. Bc5 Na4 21. Bxe7 Nxe7 22. Re3 Ng6 23. Na5 Nb2 24. Rb1 Nc4 25. Nxc4 bxc4 26. Ra1 Bb7 27. Ra7 Rb8 28. Nd2 Ra8 29. Rxb7 Ra2 30. Nxc4 Rxc2 31. Rxc7 Ra8 32. g3 Rc1+ 33. Kg2 Raa1 34. Nd6 Rab1 35. Rxf7 Rd1 36. Rd7 h5 37. h4 Rd2 38. Rd8+ Kh7 39. Nf7 Rc2 40. Rf3 Rcc1 41. Rf5 Ne7 42. Rh8+ Kg6 43. Nxe5# 1-0

[Event "EU-chT Seniors"]
[Site "Vienna"]
[Date "2015.07.19"]
[Round "8.8"]
[White "Stokes, Michael"]
[Black "Munninghoff, Alexander"]
[Result "1-0"]
[WhiteElo "2161"]
[BlackElo "1945"]
[PlyCount "51"]
[EventDate "2015.07.12"]
[EventType "team-swiss"]
[EventRounds "9"]
[EventCountry "AUT"]
[SourceTitle "EXT 2018"]
[Source "ChessBase"]
[SourceDate "2017.10.13"]
[SourceVersion "1"]
[SourceVersionDate "2017.10.13"]
[SourceQuality "1"]
[WhiteTeam "England"]
[BlackTeam "Oranje"]
[WhiteTeamCountry "ENG"]
[BlackTeamCountry "NED"]

1. e4 c5 2. d4 cxd4 3. c3 d3 4. c4 g6 5. Bxd3 Bg7 6. Nc3 Nc6 7. Be3 d6 8. Nf3 Nf6 9. h3 0-0 10. 0-0 h6 11. Qd2 Kh7 12. Rad1 b6 13. Qe2 Bb7 14. Nh4 e6 15. Bb1 Qe7 16. f4 Ne8 17. Qf2 Bf6 18. Nf3 Nc7 19. Rd2 Bxc3 20. bxc3 Na5 21. f5 Nxc4 22. f6 Qd8 23. Qh4 h5 24. e5 Bxf3 25. Rxf3 Rh8 26. Qxc4 1-0

[Event "EU-chT Seniors"]
[Site "Vienna"]
[Date "2015.07.18"]
[Round "7.3"]
[White "Pruefer, Friedbert"]
[Black "Stokes, Michael"]
[Result "1/2-1/2"]
[WhiteElo "2224"]
[BlackElo "2161"]
[PlyCount "63"]
[EventDate "2015.07.12"]
[EventType "team-swiss"]
[EventRounds "9"]
[EventCountry "AUT"]
[SourceTitle "CBM 167 Extra"]
[Source "ChessBase"]
[SourceDate "2015.09.14"]
[SourceVersion "1"]
[SourceVersionDate "2015.09.14"]
[SourceQuality "1"]
[WhiteTeam "Leipzig Schachfreunde"]
[BlackTeam "England"]
[WhiteTeamCountry "GER"]
[BlackTeamCountry "ENG"]

1. d4 Nf6 2. c4 g6 3. Nc3 Bg7 4. e4 d6 5. f4 0-0 6. Nf3 Na6 7. Be2 e5 8. dxe5 dxe5 9. Nxe5 Qxd1+ 10. Bxd1 Re8 11. Bf3 Nxe4 12. Nxe4 f6 13. Nxf6+ Bxf6 14. 0-0 Nb4 15. Bd2 Nc2 16. Rac1 Nd4 17. Bd5+ Kg7 18. Rfe1 c6 19. Be4 Bxe5 20. fxe5 Bg4 21. Bd3 Rad8 22. Bc3 c5 23. h3 Bxh3 24. Be4 Be6 25. Bxb7 Bxc4 26. Ba5 Rb8 27. Rxc4 Rxb7 28. Bc3 Ne6 29. Rd1 Rbe7 30. Ra4 g5 31. Ra6 Nf4 32. Rd2 1/2-1/2

[Event "EU-chT Seniors"]
[Site "Vienna"]
[Date "2015.07.15"]
[Round "4.7"]
[White "Stokes, Michael"]
[Black "Woeber, Friedrich"]
[Result "1/2-1/2"]
[WhiteElo "2161"]
[BlackElo "2115"]
[PlyCount "90"]
[EventDate "2015.07.12"]
[EventType "team-swiss"]
[EventRounds "9"]
[EventCountry "AUT"]
[SourceTitle "EXT 2018"]
[Source "ChessBase"]
[SourceDate "2017.10.13"]
[SourceVersion "1"]
[SourceVersionDate "2017.10.13"]
[SourceQuality "1"]
[WhiteTeam "England"]
[BlackTeam "Niederoesterreich"]
[WhiteTeamCountry "ENG"]
[BlackTeamCountry "AUT"]

1. e4 e5 2. Nf3 Nc6 3. Bb5 a6 4. Ba4 Nf6 5. 0-0 Be7 6. Re1 b5 7. Bb3 0-0 8. d4 Nxd4 9. Nxd4 exd4 10. e5 Ne8 11. c3 dxc3 12. Nxc3 Bb7 13. Qg4 d5 14. Bf4 b4 15. Ne2 Qc8 16. Qf3 d4 17. Qd3 c5 18. Ng3 g6 19. Rac1 a5 20. Bh6 Ng7 21. Bc4 Rd8 22. Bxg7 Kxg7 23. f4 Bh4 24. f5 Bd5 25. f6+ Kh8 26. Bxd5 Rxd5 27. Qe4 Bxg3 28. Qxd5 Bxe1 29. Rxe1 Qf8 30. Rc1 Rc8 31. Qd7 h6 32. Qe7 Kg8 33. Qa7 d3 34. Qxa5 c4 35. e6 fxe6 36. Qa6 Qc5+ 37. Kh1 Qc6 38. Qa7 Qc7 39. Qe3 Qf7 40. b3 Qxf6 41. bxc4 Rd8 42. Qxh6 d2 43. Rd1 Rf8 44. h3 Qf1+ 45. Kh2 Qxd1 1/2-1/2

[Event "EU-chT Seniors"]
[Site "Vienna"]
[Date "2015.07.12"]
[Round "1.11"]
[White "Van Kemenade, Rudy"]
[Black "Stokes, Michael"]
[Result "1/2-1/2"]
[WhiteElo "1960"]
[BlackElo "2161"]
[PlyCount "120"]
[EventDate "2015.07.12"]
[EventType "team-swiss"]
[EventRounds "9"]
[EventCountry "AUT"]
[SourceTitle "EXT 2018"]
[Source "ChessBase"]
[SourceDate "2017.10.13"]
[SourceVersion "1"]
[SourceVersionDate "2017.10.13"]
[SourceQuality "1"]
[WhiteTeam "Wales Dyfed"]
[BlackTeam "England"]
[WhiteTeamCountry "WLS"]
[BlackTeamCountry "ENG"]

1. e4 e5 2. Nf3 Nc6 3. Bb5 a6 4. Ba4 Nf6 5. 0-0 Be7 6. Bxc6 dxc6 7. Nc3 Bg4 8. h3 Bh5 9. g4 Bg6 10. Nxe5 Nxe4 11. Re1 Nxc3 12. bxc3 0-0 13. Rb1 Bd6 14. Rxb7 Qh4 15. d3 Rae8 16. Bf4 Qxh3 17. Re3 Qh4 18. Bg3 Qh6 19. Qf3 Qg5 20. Bf4 Qh4 21. Qg2 Qf6 22. Qg3 Rb8 23. Rxb8 Rxb8 24. Kg2 Bxe5 25. Bxe5 Qe6 26. Bxc7 Qd5+ 27. Qf3 Qxf3+ 28. Kxf3 Rc8 29. Re7 h5 30. gxh5 Bxh5+ 31. Ke3 Bg4 32. a4 g5 33. Be5 Be6 34. Ra7 Re8 35. Kd2 Bg4 36. d4 f6 37. Bxf6 Re2+ 38. Kd3 Rxf2 39. Bxg5 Rg2 40. Bf6 Be2+ 41. Ke3 Bc4 42. Rc7 Re2+ 43. Kf4 Bd5 44. c4 Bxc4 45. Rxc6 Rxc2 46. d5 Bb3 47. Rxa6 Bxd5 48. Ke5 Bf3 49. Ra7 Rc5+ 50. Kd6 Rc6+ 51. Ke7 Bg4 52. Ra8+ Rc8 53. Ra5 Rc7+ 54. Kd8 Rc8+ 55. Ke7 Rc7+ 56. Kd6 Rd7+ 57. Kc6 Kf7 58. Rg5 Be6 59. Bc3 Rd3 60. Rc5 Bd7+ 1/2-1/2